| 000 | 00816nas a2200253 4500 | ||
|---|---|---|---|
| 001 | BR2014000468 | ||
| 003 | BR-BrBNA | ||
| 005 | 20231205123636.0 | ||
| 007 | ta | ||
| 008 | 230509b bl.|||p| |||| 00| 00por d | ||
| 040 |
_aBR-BrBNA _bpor _cBiblioteca Nacional de Agricultura |
||
| 041 | _a(En) | ||
| 072 | _aF63 | ||
| 100 | 1 | _aOziegbe, M. | |
| 100 | 1 | _aAkinlua, I.O. | |
| 100 | 1 | _aOlalekan, A.A. | |
| 245 | 1 | _aComparative pollination role of stamens and breeding system in three species of Commrlina (Commelinaceae)in Ile-Ife, Nigeria | |
| 650 | _aPOLINIZAÇÃO | ||
| 650 | _aCOMMELINA | ||
| 650 | _aGENETICA VEGETAL | ||
| 773 | 0 |
_tActa Botanica Brasilica (Brazil) _xISSN 0102-3306 _g(Jul--Sep 2013), v. 27(3) p. 543-550 _wBR2014000468 |
|
| 909 |
_a202311 _bLúcia _c55 _dLúcia Elande |
||
| 942 |
_2AGRIS _n0 _cANA |
||
| 999 |
_c234947 _d234947 |
||